Statistics for 5 Top Countries Per Continent With Most 1 Million Cities

Click here to take the quiz!

General Stats

  • This quiz has been taken 91 times
  • The average score is 25 of 27

Answer Stats

PopulationCounty% Correct
North America10Mexico
100%
North America10United States
100%
South America3Argentina
99%
Oceania5Australia
99%
Asia102China
99%
South America4Colombia
99%
Europe2United Kingdom
99%
South America17Brazil
98%
North America2Canada
98%
Oceania1New Zealand
98%
South America4Venezuela
98%
Europe3Germany
96%
Asia46India
96%
Europe15Russia
95%
Africa4Egypt
94%
Asia12Japan
93%
Africa5Nigeria
93%
Africa2South Africa
93%
South America2Ecuador
91%
Asia11Indonesia
91%
Europe2Italy
89%
Asia10Pakistan
89%
North America1Honduras
87%
North America1Guatemala
85%
Africa2D.R. Congo
80%
Europe3Ukraine
79%
Africa2sudan
67%

Score Distribution

Percentile by Number Answered

Percent of People with Each Score

Your Score History

You have not taken this quiz